5HLuxD.jpg

KING HENRY VIII SENIOR AND PRIMARY SCHOOL LIBRARY OPAC

Finnikin of the Rock / (Record no. 114)

000 -LEADER
fixed length control field 00899pam a2200313 i 4500
001 - CONTROL NUMBER
control field 019727540
003 - CONTROL NUMBER IDENTIFIER
control field UkOxU
005 - DATE AND TIME OF LATEST TRANSACTION
control field 20190726104934.0
008 - FIXED-LENGTH DATA ELEMENTS--GENERAL INFORMATION
fixed length control field 140326s2014 enkb j 000 1 eng d
015 ## - NATIONAL BIBLIOGRAPHY NUMBER
National bibliography number GBB447497
Source bnb
020 ## - INTERNATIONAL STANDARD BOOK NUMBER
International Standard Book Number 9781406355895 (pbk.) :
035 ## - SYSTEM CONTROL NUMBER
System control number (Uk)016708287
040 ## - CATALOGING SOURCE
Original cataloging agency StDuBDS
Language of cataloging eng
Description conventions rda
Transcribing agency StDuBDS
Modifying agency Uk
042 ## - AUTHENTICATION CODE
Authentication code ukblcatcopy
082 04 - DEWEY DECIMAL CLASSIFICATION NUMBER
Classification number FIC MAR
Edition number 23
100 1# - MAIN ENTRY--PERSONAL NAME
Personal name Marchetta, Melina,
Dates associated with a name 1965-
Relator term author.
245 10 - TITLE STATEMENT
Title Finnikin of the Rock /
Statement of responsibility, etc. Melina Marchetta.
264 #1 - PRODUCTION, PUBLICATION, DISTRIBUTION, MANUFACTURE, AND COPYRIGHT NOTICE
Place of production, publication, distribution, manufacture London :
Name of producer, publisher, distributor, manufacturer Walker Books,
Date of production, publication, distribution, manufacture, or copyright notice 2014.
300 ## - PHYSICAL DESCRIPTION
Extent 507 pages :
Other physical details maps ;
Dimensions 20 cm.
336 ## - CONTENT TYPE
Content type term text
Source rdacontent
337 ## - MEDIA TYPE
Media type term unmediated
Source rdamedia
338 ## - CARRIER TYPE
Carrier type term volume
Source rdacarrier
490 0# - SERIES STATEMENT
Series statement The Lumatere chronicles ;
Volume/sequential designation 1
500 ## - GENERAL NOTE
General note Formerly CIP.
Institution to which field applies Uk
655 #0 - INDEX TERM--GENRE/FORM
Genre/form data or focus term Fantasy fiction.
655 #0 - INDEX TERM--GENRE/FORM
Genre/form data or focus term Young adult fiction.
942 ## - ADDED ENTRY ELEMENTS (KOHA)
Source of classification or shelving scheme
Koha item type Books - Fiction
Holdings
Withdrawn status Lost status Source of classification or shelving scheme Damaged status Not for loan Collection code Permanent Location Current Location Shelving location Date acquired Total Checkouts Full call number Barcode Date last seen Date last checked out Price effective from Koha item type
          Fiction KH8 Senior School Library KH8 Senior School Library Fiction 2019-07-26 2 FIC MAR 3KHSL000100116 2020-01-30 2020-01-16 2019-07-26 Books - Fiction

Powered By KH8 IT Dept